Click Countries of Europe on the Map - Luck - Statistics

General Stats
  • This quiz has been taken 116 times
  • The average score is 5 of 45
Answers on the Map
Answers color-coded by a green-red scale on the quiz's map according to % correct below.
 
Answer Stats
Answer % Correct
?
33%
?
31%
?
30%
?
23%
?
23%
?
20%
?
17%
?
17%
?
16%
?
16%
?
16%
?
14%
?
13%
?
13%
?
13%
?
13%
?
13%
?
11%
?
10%
?
10%
?
10%
?
10%
?
10%
?
9%
?
9%
?
9%
?
9%
?
7%
?
7%
?
7%
?
7%
?
7%
?
6%
?
6%
?
6%
?
6%
?
6%
?
3%
?
3%
?
3%
?
1%
?
1%
?
1%
?
1%
?
0%
No matching quizzes found
Score Distribution
Percent of People with Each Score
Percentile by Number Answered
Your Score History
You have not taken this quiz